000 00357 a2200109 4500
001 ART_18318
005 20260410161919.0
008 260409a
245 1 0 _aFacultades de los administradores de las sociedades mercantiles
100 1 _aMascheroni, Fernando H.
773 0 _tLa información
_g- Tomo XXXIII, Nº 556 (abr. 1976)
_wREV14902
999 _c27530
_d27530